Asiatische Flaggen - Kartenquiz. - Statistiken

Allgemein
  • Dieses Quiz wurde 320 mal gespielt
  • Das Durchschnittsergebnis liegt bei 28 aus 49
Antworten auf der Karte
Die Antworten werden auf der Karte rot bzw. grün angezeigt, abhängig davon wie oft sie richtig erraten wurden.
 
Antwortstatistiken
Antwort % Korrekt
91%
89%
87%
82%
77%
76%
72%
71%
69%
69%
67%
66%
66%
65%
65%
64%
63%
63%
61%
61%
60%
58%
58%
56%
55%
55%
55%
55%
55%
54%
53%
53%
53%
51%
51%
50%
49%
49%
47%
47%
46%
45%
44%
43%
43%
42%
36%
33%
25%
Keine übereinstimmenden Quizze gefunden
Verteilung der Resultate
Anzahl Personen mit jedem Resultat
Perzentil nach korrekt beantworteten Fragen
Ihre Resultats-Entwicklung
Sie haben dieses Quiz noch nicht gespielt